[Event "OGOLNOPOLSKA OLIMPIADA MLODZIEZY<br/>MISTRZOSTWA POLSKI JUNIOROW 2016 - D12"]
[Site "Olecko"]
[Date "2016-05-07"]
[Round "7.5"]
[White "Czarnecka, Lidia"]
[Black "Lukasik, Zuzanna"]
[Result "1-0"]
[WhiteTitle "I"]
[BlackTitle "II+"]
[WhiteElo "1512"]
[BlackElo "1322"]

1. e4 e6 2. d4 d5 3. Nd2 c5 4. Ngf3 Nf6 5. e5 Nfd7 6. c3 Nc6 7. Bd3 Qb6 8. Qa4
Be7 9. O-O O-O 10. Rd1 cxd4 11. cxd4 Qc7 12. a3 Nb6 13. Qc2 h6 14. b4 a6 15. Bb2
Bd7 16. Rac1 Rac8 17. Qb3 Qd8 18. Bb1 Na7 19. Qd3 g6 20. Qe3 Kg7 21. Rxc8 Qxc8
22. Rc1 Bc6 23. Bd3 Qd7 24. Nb3 Na4 25. Ba1 Bb5 26. Bxb5 Nxb5 27. Nc5 Nxc5 28.
bxc5 Rc8 29. Qb3 Qc6 30. Rb1 Rb8 31. a4 Na7 32. Bc3 Bd8 33. a5 Nb5 34. Bd2 g5
35. Qe3 f6 36. h4 Qe8 37. exf6+ Bxf6 38. hxg5 hxg5 39. Rb4 Qe7 40. Nxg5 Bxg5 41.
Qxg5+ Qxg5 42. Bxg5 Rf8 43. Rb3 Rf7 44. Rg3 Kf8 45. Be3 Na7 46. Bd2 Nb5 47. Rg4
Ke7 48. f3 Nc7 49. Kf2 Ne8 50. Rh4 Nf6 51. Bg5 Kd7 52. Bxf6 Rxf6 53. Ke3 Kc6 54.
Rh7 Rg6 55. g4 Rg8 56. Re7 Rg6 57. Kf4 Rf6+ 58. Ke5 Rxf3 59. Rxe6+ Kb5 60. Rb6+
Kxa5 61. Rxb7 Rc3 62. Kxd5 Rg3 63. Kc4 Rxg4 64. Rb1 Ka4 65. Ra1# 1-0

[Event "OGOLNOPOLSKA OLIMPIADA MLODZIEZY<br/>MISTRZOSTWA POLSKI JUNIOROW 2016 - D12"]
[Site "Olecko"]
[Date "2016-05-07"]
[Round "7.6"]
[White "Pisarek, Elzbieta"]
[Black "Krzyzosiak, Marta"]
[Result "1-0"]
[WhiteTitle "I"]
[BlackTitle "II"]
[WhiteElo "1324"]
[BlackElo "1345"]

1. e4 c5 2. Nf3 d6 3. d4 cxd4 4. Nxd4 Nf6 5. Nc3 g6 6. Be3 Bg7 7. f3 a6 8. g4 Nbd7
9. Qd2 b5 10. h4 Bb7 11. O-O-O Nb6 12. h5 Rg8 13. Be2 Rc8 14. hxg6 hxg6 15. Rh3
Qc7 16. Rdh1 Nc4 17. Bxc4 Qxc4 18. Qe2 Qxe2 19. Ncxe2 e6 20. Bh6 Bxh6+ 21. Rxh6
Nd7 22. Nb3 d5 23. Na5 Ba8 24. Rh8 Rxh8 25. Rxh8+ Nf8 26. e5 Ke7 27. g5 Rd8 28.
Nb3 Nd7 29. Rxd8 Kxd8 30. f4 Nb6 31. Nc5 a5 32. Nd4 b4 33. b3 Nd7 34. Nxd7 Kxd7
35. Nb5 Bc6 36. Nd6 Ke7 37. Kd2 a4 38. Kd3 axb3 39. axb3 Kd7 40. Kd4 Kc7 41. Kc5
Bd7 42. Kxb4 Kb6 43. Nxf7 Be8 44. Nh6 Bb5 45. Ng4 Be2 46. Nf6 Bb5 47. Nh7 Be8
48. Nf8 Bf7 49. c3 Kc6 50. Ka5 Kc5 51. Nd7+ Kc6 52. Nb8+ Kc7 53. Na6+ Kc6 54.
b4 Kb7 55. b5 Be8 56. Nc5+ Kb8 57. Nxe6 Bf7 58. Nf8 Be8 59. e6 Kb7 60. e7 Kb8
61. Ne6 Kb7 62. Ng7 Bf7 63. e8=Q Bxe8 64. Nxe8 Ka7 65. b6+ Kb7 66. Kb5 Kb8 67.
Kc6 Kc8 68. Kxd5 1-0

[Event "OGOLNOPOLSKA OLIMPIADA MLODZIEZY<br/>MISTRZOSTWA POLSKI JUNIOROW 2016 - D12"]
[Site "Olecko"]
[Date "2016-05-07"]
[Round "7.7"]
[White "Adamczyk, Zuzanna"]
[Black "Mirowska, Oliwia"]
[Result "1-0"]
[WhiteTitle "I"]
[BlackTitle "I+"]
[WhiteElo "1642"]
[BlackElo "1244"]

1. e4 c5 2. Nf3 Nc6 3. d4 cxd4 4. Nxd4 Nf6 5. Nc3 d6 6. Bg5 e6 7. f4 a6 8. Nxc6
bxc6 9. e5 h6 10. Bh4 dxe5 11. Qxd8+ Kxd8 12. fxe5 g5 13. Bxg5 hxg5 14. exf6 Bd6
15. O-O-O Kc7 16. h3 Bb7 17. Ne4 Bf4+ 18. Kb1 Rhg8 19. Be2 a5 20. Nc5 Bc8 21.
Bh5 Rf8 22. Rhe1 Rb8 23. a4 Bd6 24. Ne4 Be5 25. b3 c5 26. Nxg5 Bc3 27. Rf1 Ba6
28. Rf2 Rbd8 29. Rxd8 Rxd8 30. Nxf7 Rf8 31. g4 Bd4 32. Rf4 e5 33. Re4 Bb7 34.
Re1 Bd5 35. Nxe5 Rxf6 36. Nd3 Bc3 37. Rd1 Kd6 38. Nc1 Ke6 39. Rd3 Bd4 40. g5 Rf8
41. Bg4+ Kf7 42. h4 Kg6 43. c3 Be4 44. cxd4 Bxd3+ 45. Nxd3 cxd4 46. Ne5+ Kg7 47.
h5 Rf4 48. h6+ Kh7 49. Kc2 Rf8 50. Kd3 Rf4 51. Kc4 Rf8 52. Kxd4 Rd8+ 53. Ke4 Re8
54. Bf5+ Kh8 55. g6 Kg8 56. g7 Re7 57. Kd5 Rxg7 58. hxg7 Kxg7 59. Nc6 Kf6 60.
Be6 Kg7 61. Nxa5 Kf8 62. Kd6 Kg7 63. Nc6 Kg6 64. a5 Kg5 65. a6 Kf4 66. a7 Ke3
67. a8=Q Ke2 68. Kd5 Kf2 69. Ke4 Kg2 70. Kf4 Kh2 71. Qa2+ Kg1 72. Kf3 Kh1 73.
Qg2# 1-0

[Event "OGOLNOPOLSKA OLIMPIADA MLODZIEZY<br/>MISTRZOSTWA POLSKI JUNIOROW 2016 - D12"]
[Site "Olecko"]
[Date "2016-05-07"]
[Round "7.8"]
[White "Mucha, Marta"]
[Black "Szczypawka, Aleksandra"]
[Result "1/2-1/2"]
[WhiteTitle "I"]
[BlackTitle "I"]
[WhiteElo "1425"]
[BlackElo "1378"]

1. d4 g6 2. Nf3 Bg7 3. e3 d6 4. b3 Nd7 5. Bb2 e6 6. Bd3 Ne7 7. O-O O-O 8. Nbd2
Re8 9. c4 Nc6 10. Be2 a5 11. a3 h6 12. Qc2 e5 13. d5 Ncb8 14. Ne4 f5 15. Ned2
Nc5 16. b4 axb4 17. axb4 Rxa1 18. Rxa1 Nca6 19. b5 Nc5 20. Ba3 Nbd7 21. e4 Qf6
22. Rc1 b6 23. Bd3 Kh8 24. Nb3 Na4 25. exf5 gxf5 26. Bxf5 Ndc5 27. Bxc8 Rxc8 28.
Nxc5 Nxc5 29. Bxc5 bxc5 30. Nd2 Ra8 31. Ne4 Qf5 32. f3 h5 33. Qd2 Kh7 34. Qg5
Qf7 35. Qe3 Bh6 36. Ng5+ Kg6 37. h4 Qf6 38. Qe4+ Qf5 39. Qxf5+ Kxf5 40. Kf2 Bxg5
41. hxg5 Kxg5 42. Re1 Ra2+ 43. Kg3 Rd2 44. Rc1 Kf5 45. Rh1 Kg5 46. Rc1 Rd3 47.
Re1 Rd4 48. Rc1 Kf5 49. Rc2 1/2-1/2

[Event "OGOLNOPOLSKA OLIMPIADA MLODZIEZY<br/>MISTRZOSTWA POLSKI JUNIOROW 2016 - D12"]
[Site "Olecko"]
[Date "2016-05-07"]
[Round "7.9"]
[White "Dadello, Barbara"]
[Black "Mysliwiec, Natalia"]
[Result "1/2-1/2"]
[WhiteTitle "II+"]
[BlackTitle "I"]
[WhiteElo "1495"]
[BlackElo "1374"]

1. e4 c5 2. Nf3 a6 3. c4 Nc6 4. Nc3 g6 5. d4 cxd4 6. Nxd4 Bg7 7. Nc2 Nf6 8. Be2
d6 9. O-O O-O 10. Bd2 Be6 11. Rc1 Rc8 12. b3 Nd7 13. Kh1 Nc5 14. f3 Nd4 15. Nxd4
Bxd4 16. Bh6 Bg7 17. Bxg7 Kxg7 18. Nd5 Bxd5 19. exd5 e6 20. dxe6 Nxe6 21. Qd2
Qd7 22. Rcd1 Rfd8 23. f4 b5 24. f5 Nc5 25. cxb5 axb5 26. b4 Na4 27. f6+ Kh8 28.
Qh6 Rg8 29. Rd3 Rc3 30. Rff3 Rxd3 31. Rxd3 Qf5 32. Qd2 Qxf6 33. Rxd6 Qa1+ 34.
Qd1 Qxd1+ 35. Rxd1 Nc3 36. Rd2 Nxe2 37. Rxe2 Rc8 38. Kg1 Rc4 39. a3 Rc3 40. Re5
Rxa3 41. Rxb5 Kg7 42. Rb6 Rb3 43. Kf2 h5 44. b5 Kf8 45. Rb7 Ke8 46. b6 f5 47.
Rb8+ Kd7 48. b7 Rb6 49. Rg8 Rxb7 50. Rg7+ Kc6 51. Rxb7 Kxb7 52. Ke3 g5 53. Kd4
h4 54. Ke5 h3 55. g3 f4 56. gxf4 gxf4 57. Kxf4 Kc6 58. Kg3 Kd7 59. Kxh3 Ke7 60.
Kg4 Kf7 61. Kg5 Kg7 62. h4 Kh7 63. h5 Kg7 64. h6+ Kh7 65. Kh5 Kh8 66. Kg6 Kg8
67. h7+ Kh8 68. Kh6 1/2-1/2

[Event "OGOLNOPOLSKA OLIMPIADA MLODZIEZY<br/>MISTRZOSTWA POLSKI JUNIOROW 2016 - D12"]
[Site "Olecko"]
[Date "2016-05-07"]
[Round "7.10"]
[White "Zarebska, Lena"]
[Black "Gebal, Katarzyna"]
[Result "1-0"]
[WhiteTitle "I"]
[BlackTitle "II"]
[WhiteElo "1452"]
[BlackElo "1252"]

1. e4 e5 2. f4 exf4 3. Nf3 d6 4. Bc4 Bg4 5. O-O Be7 6. d4 Nf6 7. Nc3 O-O 8. Bxf4
Nc6 9. h3 Bh5 10. Be3 Nxe4 11. Nxe4 d5 12. Bxd5 Qxd5 13. Ng3 Bxf3 14. Rxf3 Rfe8
15. Qf1 Bf6 16. c3 Ne7 17. Bh6 Bxd4+ 18. cxd4 gxh6 19. Qf2 Rad8 20. Ne2 Ng6 21.
Rf1 Re7 22. Rf5 Qxa2 23. Nc3 Qe6 24. Rf6 Qe3 25. Qxe3 Rxe3 26. Rxf7 Re7 27. R7f2
Rxd4 28. Nb5 Ra4 29. Rd2 a6 30. Rd8+ Kg7 31. Nd4 Re5 32. Nf5+ Kf7 33. Nxh6+ Ke7
34. Rd2 Rf4 35. Rfd1 Ke6 36. Ng4 Ree4 37. Nf2 Re5 38. Nd3 Rd4 39. Nc5+ Rxc5 40.
Rxd4 Re5 41. Kf2 h6 42. Rg4 Ne7 43. Rh4 Rf5+ 44. Kg1 h5 45. Re4+ Kf6 46. Rde1
Nc6 47. Re6+ Kf7 48. Rh6 Nd4 49. Rh7+ Kg6 50. Rxc7 Rg5 51. Re3 Rb5 52. Rd7 Nc6
53. Re2 Na5 54. Rc2 Nb3 55. Rd6+ Kf5 56. Rf2+ Ke5 57. Rdf6 Kd4 58. R6f5 Rb6 59.
Rxh5 Nc1 60. Rh4+ Ke3 61. Rf3+ Kd2 62. Rd4+ Kc2 63. Rf2+ Kb1 64. Rdd2 Rb3 65.
Kh2 Nd3 66. Rf3 Nc1 67. Rxb3 Nxb3 68. Rd7 b5 69. h4 Kxb2 70. h5 b4 71. h6 Nc5
72. h7 Nxd7 73. h8=Q+ Ka2 74. Qg8+ b3 75. Qe6 Nc5 76. Qc4 a5 77. Qxc5 a4 78. Qb4
a3 79. g4 b2 80. Qd2 Kb3 81. Qd5+ Kc3 82. Qa2 Kd4 83. g5 Ke5 84. Kh3 Kf5 85. Kh4
Kg6 86. Kg4 Kg7 87. Kf5 Kf8 88. Kf6 Ke8 89. Ke6 Kf8 90. Qxa3+ Kg7 91. Qxb2+ 1-0

[Event "OGOLNOPOLSKA OLIMPIADA MLODZIEZY<br/>MISTRZOSTWA POLSKI JUNIOROW 2016 - D12"]
[Site "Olecko"]
[Date "2016-05-07"]
[Round "7.11"]
[White "Jedrzejko, Martyna"]
[Black "Bugaj, Hanna"]
[Result "0-1"]
[WhiteTitle "II+"]
[BlackTitle "II"]
[WhiteElo "1257"]
[BlackElo "1417"]

1. e4 e6 2. d4 d5 3. exd5 exd5 4. Nf3 Bd6 5. Bd3 Ne7 6. O-O Bg4 7. Re1 Nbc6 8.
c3 Qd7 9. Nbd2 O-O-O 10. b4 Rdg8 11. a4 g5 12. a5 f5 13. b5 Nd8 14. b6 a6 15.
bxc7 Qxc7 16. Qb3 Rg6 17. Ba3 Bxf3 18. Bxd6 Qxd6 19. Nxf3 g4 20. Ne5 Rh6 21. Rac1
g3 22. fxg3 f4 23. gxf4 Ng6 24. Bf5+ Kb8 25. c4 Nxf4 26. Nd7+ Ka8 27. Nb6+ Kb8
28. Nd7+ Ka8 29. Nb6+ Kb8 30. cxd5 Ne2+ 31. Kf1 Qf4+ 32. Kxe2 Re8+ 33. Be6 Nxe6
34. Nd7+ Ka8 35. Rc8+ Rxc8 36. Nb6+ Kb8 37. Nxc8 Nxd4+ 0-1

[Event "OGOLNOPOLSKA OLIMPIADA MLODZIEZY<br/>MISTRZOSTWA POLSKI JUNIOROW 2016 - D12"]
[Site "Olecko"]
[Date "2016-05-07"]
[Round "7.12"]
[White "Trzaskowska, Hanna"]
[Black "Libura, Julianna"]
[Result "1/2-1/2"]
[WhiteTitle "I"]
[BlackTitle "I"]
[WhiteElo "1390"]
[BlackElo "1266"]

1. e4 c5 2. Nf3 a6 3. c4 d6 4. d4 Bg4 5. dxc5 Bxf3 6. gxf3 Qa5+ 7. Nc3 Qxc5 8.
Be3 Qc6 9. Bg2 Nf6 10. Rc1 Nbd7 11. O-O g6 12. f4 Qc8 13. Bh3 Qc6 14. Nd5 Bg7
15. Bg2 Qc8 16. Qa4 Nxd5 17. cxd5 Qd8 18. Bh3 b5 19. Qb3 O-O 20. Rc6 f5 21. f3
Kh8 22. Rfc1 Nc5 23. Qc2 a5 24. Kh1 Rc8 25. Rxc8 Qxc8 26. exf5 gxf5 27. Bxc5 Qxc5
28. Qxc5 dxc5 29. Rxc5 Bxb2 30. Rxb5 Bc3 31. Rb7 Bb4 32. Rd7 Bd6 33. Ra7 Bb4 34.
Rd7 Bd6 35. Ra7 Bb4 36. Rd7 Bd6 37. Ra7 1/2-1/2

[Event "OGOLNOPOLSKA OLIMPIADA MLODZIEZY<br/>MISTRZOSTWA POLSKI JUNIOROW 2016 - D12"]
[Site "Olecko"]
[Date "2016-05-07"]
[Round "7.13"]
[White "Wawrzyniak, Weronika"]
[Black "Matusik, Zuzanna"]
[Result "1-0"]
[WhiteTitle "I"]
[BlackTitle "II"]
[WhiteElo "1358"]
[BlackElo "1060"]

1. e4 e5 2. Nf3 Nc6 3. Bb5 Nf6 4. O-O Bc5 5. Re1 d6 6. h3 Be6 7. c3 a6 8. Ba4 O-O
9. d4 exd4 10. cxd4 Bb4 11. Bd2 Bxd2 12. Qxd2 Bd7 13. Nc3 Re8 14. Rad1 Na5 15.
Bc2 Nc6 16. a3 Ne7 17. e5 Nfd5 18. Nxd5 Nxd5 19. Nh2 Bc6 20. f4 dxe5 21. dxe5
Qe7 22. Kh1 Rad8 23. Qf2 Nb6 24. Ng4 Rxd1 25. Rxd1 Nc4 26. Bb3 Na5 27. Bc2 Nc4
28. Bb1 h5 29. Ne3 Nxe3 30. Qxe3 Qh4 31. Kh2 Qf6 32. exf6 Rxe3 33. Rd8+ Re8 34.
Rxe8+ Bxe8 35. fxg7 Kxg7 36. Be4 Bc6 37. Bxc6 bxc6 38. g4 hxg4 39. hxg4 Kg6 40.
Kg3 c5 41. Kf3 f5 42. g5 a5 43. Ke3 Kf7 44. Kd3 Kg6 45. Kc4 Kh5 46. Kxc5 a4 47.
Kc6 1-0

[Event "OGOLNOPOLSKA OLIMPIADA MLODZIEZY<br/>MISTRZOSTWA POLSKI JUNIOROW 2016 - D12"]
[Site "Olecko"]
[Date "2016-05-07"]
[Round "7.14"]
[White "Nowak, Roksana"]
[Black "Kroliczek, Gabriela"]
[Result "1-0"]
[WhiteTitle "II+"]
[BlackTitle "I"]
[WhiteElo "1290"]
[BlackElo "1357"]

1. e4 e5 2. Nf3 Nc6 3. Bc4 Nf6 4. O-O Be7 5. d3 O-O 6. Nc3 d6 7. h3 h6 8. Bd2 Kh8
9. Nd5 Nh7 10. Nxe7 Qxe7 11. a3 f5 12. exf5 Bxf5 13. Qe2 Rae8 14. Rae1 Qd8 15.
Qd1 d5 16. Bb3 e4 17. dxe4 Bxe4 18. Nh2 Nd4 19. Bb4 Nxb3 20. Bxf8 Rxf8 21. cxb3
c6 22. Re3 Qg5 23. Qg4 Qf6 24. Qe2 Ng5 25. f3 Bh7 26. Re8 Rxe8 27. Qxe8+ Bg8 28.
Qe2 Qg6 29. Kh1 Nf7 30. Ng4 Nd6 31. Qf2 Nf5 32. Kg1 d4 33. b4 h5 34. Nh2 d3 35.
Rd1 Ng3 36. Nf1 Ne2+ 37. Kh1 Bb3 38. Rd2 Bc2 39. Qxa7 Nc1 40. Qe3 Nb3 41. Rf2
Kh7 42. Qe4 Bd1 43. Qxg6+ Kxg6 44. Nd2 Nd4 45. g4 hxg4 46. fxg4 Be2 47. Kg2 Nc2
48. Kg3 Ne3 49. a4 Nd1 50. Rf5 Ne3 51. Re5 Nc2 52. b5 Nd4 53. bxc6 bxc6 54. a5
Nb5 55. Rxb5 cxb5 56. a6 b4 57. a7 b3 58. a8=Q Kf6 59. Qe4 Kf7 60. g5 Kg8 61.
g6 Kf8 62. Qe6 Bg4 63. Qf7# 1-0

[Event "OGOLNOPOLSKA OLIMPIADA MLODZIEZY<br/>MISTRZOSTWA POLSKI JUNIOROW 2016 - D12"]
[Site "Olecko"]
[Date "2016-05-07"]
[Round "7.15"]
[White "Wojtas, Julia"]
[Black "Pawlak, Emilia"]
[Result "1-0"]
[WhiteTitle "I"]
[BlackTitle "II"]
[WhiteElo "1274"]
[BlackElo "1196"]

1. e4 c5 2. Nc3 a6 3. a4 Nc6 4. Nf3 d6 5. d4 cxd4 6. Nxd4 Nf6 7. Be2 e6 8. O-O
Be7 9. Be3 O-O 10. f4 Qc7 11. Kh1 Rd8 12. Bd3 e5 13. Nxc6 Qxc6 14. Nd5 Nxd5 15.
exd5 Qd7 16. fxe5 dxe5 17. Qh5 g6 18. Qxe5 Rf8 19. Bh6 f6 20. Qe6+ Rf7 21. Qxd7
Bxd7 22. d6 Rc8 23. dxe7 Rxe7 24. Rxf6 Re5 25. Raf1 Ree8 26. Bc4+ Kh8 27. Rf8+
Rxf8 28. Rxf8+ Rxf8 29. Bxf8 Bxa4 30. Bd6 h6 31. Bd5 Bxc2 32. Bxb7 Bd3 33. b4
Bb5 34. Kg1 Kg8 35. Kf2 Kf7 36. Ke3 Kf6 37. Be4 h5 38. Bd3 Bxd3 39. Kxd3 Ke6 40.
Bc5 Kd5 41. Ke3 Ke5 42. Kd3 Kd5 43. Be7 Ke6 44. Kd4 Kxe7 45. Kc5 Kd7 46. Kb6 h4
47. Kxa6 Kc7 48. b5 Kb8 49. Kb6 h3 50. g3 g5 51. g4 Kc8 52. Ka7 Kd7 53. b6 Ke6
54. b7 Ke5 55. b8=Q+ Ke4 56. Qg3 1-0

[Event "OGOLNOPOLSKA OLIMPIADA MLODZIEZY<br/>MISTRZOSTWA POLSKI JUNIOROW 2016 - D12"]
[Site "Olecko"]
[Date "2016-05-07"]
[Round "7.16"]
[White "Krzyzosiak, Anna"]
[Black "Anyz, Monika"]
[Result "1-0"]
[WhiteTitle "I"]
[BlackTitle "I"]
[WhiteElo "1263"]
[BlackElo "1255"]

1. e4 c5 2. Nf3 a6 3. d4 cxd4 4. Nxd4 Nf6 5. Nc3 e5 6. Nf3 Bb4 7. Bd2 d6 8. Bd3
O-O 9. O-O Bxc3 10. Bxc3 Nc6 11. Re1 Re8 12. Bc4 h6 13. Qd3 b5 14. Bb3 Bb7 15.
Rad1 Qb6 16. Nh4 Rad8 17. Nf5 b4 18. Qg3 Nh5 19. Qg6 d5 20. Nxh6+ Kh8 21. Nxf7+
Kg8 22. Nxd8 Rxd8 23. Rxd5 Kf8 24. Rxd8+ Qxd8 25. Qf7# Nb8 1-0

[Event "OGOLNOPOLSKA OLIMPIADA MLODZIEZY<br/>MISTRZOSTWA POLSKI JUNIOROW 2016 - D12"]
[Site "Olecko"]
[Date "2016-05-07"]
[Round "7.17"]
[White "Lewandowska, Weronika"]
[Black "Matyjasek, Michalina"]
[Result "0-1"]
[WhiteTitle "I"]
[BlackTitle "II"]
[WhiteElo "1110"]
[BlackElo "1263"]

1. d4 d5 2. c4 e6 3. Nc3 Nf6 4. cxd5 exd5 5. Bg5 Be7 6. Nf3 O-O 7. e3 Be6 8. Bd3
Nbd7 9. O-O c5 10. Rb1 Rc8 11. a3 h6 12. Bf4 Nh5 13. Bg3 Nxg3 14. fxg3 Nf6 15.
Ne2 a5 16. Nf4 Bd7 17. Ne5 cxd4 18. exd4 Qb6 19. Be2 Bf5 20. Ra1 Qxb2 21. a4 Rfd8
22. g4 Bh7 23. Nf3 Nxg4 24. h3 Ne3 25. Qe1 Nxf1 26. Bxf1 Bf6 27. Qd1 Qc3 28. Bb5
Qe3+ 29. Kh1 Qxf4 30. Qe2 Rc2 31. Qe1 Rdc8 32. Qxa5 Rc1+ 33. Rxc1 Qxc1+ 34. Kh2
Qf4+ 35. Kh1 Rc1+ 36. Ng1 Be4 37. Qa8+ Kh7 38. Qe8 Qf2 39. Qxe4+ g6 40. Qxd5 Qxg1#
0-1

[Event "OGOLNOPOLSKA OLIMPIADA MLODZIEZY<br/>MISTRZOSTWA POLSKI JUNIOROW 2016 - D12"]
[Site "Olecko"]
[Date "2016-05-07"]
[Round "7.18"]
[White "Sloniewska, Alicja"]
[Black "Szewczyk, Malwina"]
[Result "0-1"]
[WhiteTitle "II"]
[BlackTitle "II"]
[WhiteElo "1097"]
[BlackElo "1253"]

1. d4 Nf6 2. c4 g6 3. f3 d5 4. cxd5 Nxd5 5. e4 Nf6 6. Be3 Bg7 7. Nc3 Nc6 8. Bc4
e6 9. Nge2 a6 10. Qa4 Nd7 11. Qd1 Nb6 12. Bb3 Bd7 13. O-O Qe7 14. Rc1 h5 15. Qd2
O-O-O 16. a4 Na5 17. Qc2 g5 18. Ba2 f5 19. Bd2 g4 20. b4 Nac4 21. a5 Nxd2 22.
axb6 Nxf1 23. bxc7 Rdf8 24. Kxf1 gxf3 25. gxf3 Bh6 26. Rb1 Qh4 27. d5 fxe4 28.
Nxe4 Rxf3+ 29. Kg1 Rg8+ 30. Kh1 Bf4 31. Nxf4 Qxf4 32. dxe6 Rf1+ 33. Rxf1 Qxf1#
0-1

[Event "OGOLNOPOLSKA OLIMPIADA MLODZIEZY<br/>MISTRZOSTWA POLSKI JUNIOROW 2016 - D12"]
[Site "Olecko"]
[Date "2016-05-07"]
[Round "7.19"]
[White "Sokol, Maria"]
[Black "Majczyna, Patrycja"]
[Result "0-1"]
[WhiteTitle "II"]
[BlackTitle "II+"]
[WhiteElo "1175"]
[BlackElo "1205"]

1. e4 e5 2. Nf3 Nc6 3. Bb5 a6 4. Ba4 Nf6 5. O-O b5 6. Bb3 Bc5 7. c3 O-O 8. Bc2
d6 9. h3 Be6 10. d4 exd4 11. cxd4 Bb6 12. d5 Bd7 13. dxc6 Bxc6 14. Bg5 h6 15.
Bxf6 Qxf6 16. Nc3 b4 17. Nd5 Bxd5 18. exd5 Qxb2 19. Qd3 g6 20. Qd2 Qc3 21. Qxh6
Qg7 22. Qxg7+ Kxg7 23. Ba4 f5 24. Rfe1 Ba5 25. Re7+ Rf7 26. Rxf7+ Kxf7 27. Re1
b3 28. Re2 bxa2 29. Rxa2 Rb8 30. Bc6 Rb1+ 31. Kh2 Bb6 32. Kg3 a5 33. Re2 Rb4 34.
Be8+ Kg7 35. Re7+ Kf8 36. Re6 a4 37. Bxg6 f4+ 38. Kg4 Bxf2 39. Re8+ Kg7 40. Kf5
Ba7 41. Re7+ Kf8 42. Kf6 Rb8 43. Ng5 Bd4+ 44. Ke6 a3 45. Rf7+ Kg8 46. Bh7+ Kh8
47. Nf3 a2 48. Nh4 Re8+ 49. Kd7 Rg8 50. Bf5 Rg7 51. Rxg7 Kxg7 52. Kxc7 a1=Q 53.
Kxd6 Qa6+ 54. Kd7 Qb5+ 55. Ke6 Qe8+ 56. Kd6 Qd8+ 57. Kc6 Qxh4 58. Be6 Bf6 59.
d6 Qg3 60. Bd5 Qc3+ 61. Kd7 Qc5 62. Ke6 Qc8+ 63. d7 Qa6+ 64. Kf5 Qd6 65. Bc6 Qxc6
0-1

[Event "OGOLNOPOLSKA OLIMPIADA MLODZIEZY<br/>MISTRZOSTWA POLSKI JUNIOROW 2016 - D12"]
[Site "Olecko"]
[Date "2016-05-07"]
[Round "7.20"]
[White "Tomaszek, Katarzyna"]
[Black "Chojnowska, Karolina"]
[Result "0-1"]
[WhiteTitle "II"]
[BlackTitle "II"]
[WhiteElo "1134"]
[BlackElo "1146"]

1. e4 e6 2. d3 d5 3. Nd2 c5 4. Ngf3 Nc6 5. Be2 Bd6 6. O-O Nge7 7. c3 O-O 8. a3
a5 9. a4 Bc7 10. Re1 Qd6 11. g3 f6 12. d4 cxd4 13. cxd4 g5 14. e5 fxe5 15. dxe5
Nxe5 16. Nxg5 Rf5 17. Nb3 Bb6 18. Nd4 Rf6 19. Bf4 N7g6 20. Bd3 Bxd4 21. Bxg6 Bxf2+
22. Kxf2 Qb6+ 23. Kg2 Nxg6 24. Qh5 Nxf4+ 25. gxf4 Qc7 26. Qe8+ Rf8 27. Qh5 b6
28. Rf1 Ra7 29. Rac1 Qg7 30. Kh1 Qxb2 31. Rg1 Rg7 32. Nxh7 Bb7 33. Rxg7+ Qxg7
34. Ng5 Rxf4 35. Qe8+ Rf8 36. Qxe6+ Kh8 37. Qh3+ Kg8 38. Qh7+ Qxh7 39. Nxh7 Rf7
40. Ng5 Rg7 41. h4 d4+ 42. Kg1 Rd7 43. Rd1 Bc6 44. Ra1 d3 45. Kf2 d2 46. Ke2 Bxa4
47. Rd1 Bxd1+ 48. Kxd1 a4 49. h5 a3 50. Ne4 Kg7 51. Nc3 b5 52. Na2 Rd4 0-1

[Event "OGOLNOPOLSKA OLIMPIADA MLODZIEZY<br/>MISTRZOSTWA POLSKI JUNIOROW 2016 - D12"]
[Site "Olecko"]
[Date "2016-05-07"]
[Round "7.21"]
[White "Jacek, Nikola"]
[Black "Szewc, Dobromila"]
[Result "1/2-1/2"]
[WhiteTitle "I"]
[BlackTitle "II"]
[WhiteElo "1233"]
[BlackElo "1066"]

1. e4 e5 2. Nf3 Nc6 3. Nc3 Nf6 4. d4 exd4 5. Nxd4 Bb4 6. Nxc6 bxc6 7. Bd3 d5 8.
O-O Bxc3 9. bxc3 Nxe4 10. Re1 O-O 11. Bxe4 dxe4 12. Qxd8 Rxd8 13. Bf4 Bf5 14.
Bxc7 Rd2 15. Rac1 e3 16. Rxe3 Rxc2 17. Rxc2 Bxc2 18. Kf1 Rc8 19. Ba5 Kf8 20. Bb4+
c5 21. Ba3 f6 22. Re1 Kf7 23. Rc1 Bd3+ 24. Ke1 Re8+ 25. Kd2 c4 26. Re1 Rxe1 27.
Kxe1 a6 28. Bb4 Ke6 29. Kd2 Ke5 30. Ke3 f5 31. f4+ Kd5 32. g3 g6 33. h3 h6 34.
h4 h5 35. a4 Be4 36. a5 Bd3 37. Bf8 Be4 38. Bb4 Bd3 39. Bf8 Be4 40. Bb4 Bd3 41.
Bf8 1/2-1/2

[Event "OGOLNOPOLSKA OLIMPIADA MLODZIEZY<br/>MISTRZOSTWA POLSKI JUNIOROW 2016 - D12"]
[Site "Olecko"]
[Date "2016-05-07"]
[Round "8.1"]
[White "Dylag, Emilia"]
[Black "Wikar, Martyna"]
[Result "0-1"]
[WhiteTitle "I"]
[BlackTitle "I+"]
[WhiteElo "1768"]
[BlackElo "1726"]

1. d4 d5 2. Nf3 Nf6 3. e3 c5 4. b3 Nc6 5. Bd3 cxd4 6. exd4 Ne4 7. O-O Bg4 8. Be2
e6 9. Bb2 Bd6 10. Ne5 Bxe2 11. Qxe2 Qb6 12. Nxc6 Qxc6 13. f3 Nf6 14. c4 O-O 15.
Ba3 dxc4 16. bxc4 Rfd8 17. Rd1 Rac8 18. Bxd6 Qxd6 19. a4 e5 20. d5 Qc5+ 21. Kf1
Qxc4 22. Qxc4 Rxc4 23. Nd2 Rd4 24. Ke2 Nxd5 25. Rac1 Nf4+ 26. Kf1 g6 27. g3 Rxd2
28. Rxd2 Rxd2 29. gxf4 exf4 30. Kg1 Rd4 31. Rc7 Rxa4 32. Rxb7 a5 33. Ra7 Ra2 34.
Ra6 Kg7 35. Kf1 g5 36. h3 h5 37. Kg1 f6 38. Ra7+ Kg6 39. Rb7 Re2 40. Ra7 Re5 41.
Kf2 Rb5 42. Ra6 Rb2+ 43. Kg1 Ra2 44. Kf1 Kf5 45. Rb6 Ke5 46. Ra6 Kd4 47. Re6 f5
48. Rg6 Ke3 49. Rxg5 Kxf3 50. Kg1 h4 51. Rxf5 Kg3 52. Kf1 f3 53. Ke1 f2+ 54. Kf1
Ra1+ 0-1

[Event "OGOLNOPOLSKA OLIMPIADA MLODZIEZY<br/>MISTRZOSTWA POLSKI JUNIOROW 2016 - D12"]
[Site "Olecko"]
[Date "2016-05-07"]
[Round "8.2"]
[White "Slusarczyk, Milena"]
[Black "Hertlein, Irena"]
[Result "0-1"]
[WhiteTitle "I"]
[BlackTitle "I"]
[WhiteElo "1372"]
[BlackElo "1397"]

1. e4 d5 2. exd5 Qxd5 3. Nf3 Nf6 4. d4 c6 5. Be2 Bf5 6. c4 Qd6 7. Nc3 Nbd7 8. O-O
e6 9. h3 Be7 10. Be3 O-O 11. Qd2 Qc7 12. Bf4 Bd6 13. Bxd6 Qxd6 14. Qe3 Qc7 15.
Rfd1 Rfe8 16. Rac1 Qb6 17. Qd2 Rad8 18. Nh4 Ne4 19. Nxe4 Bxe4 20. f3 Bg6 21. Nxg6
hxg6 22. Kh1 Nf6 23. Qc3 Qc7 24. a4 Nh5 25. Kg1 Qg3 26. Bf1 Nf4 27. Kh1 Kh7 28.
Qe3 Rh8 29. Rc2 Qg5 30. Qe1 Kg8 31. Rcd2 Qh5 32. Qe5 Qf5 33. Qc7 Qg5 34. Qxb7
Qg3 35. Qxc6 Rh5 36. d5 exd5 37. cxd5 Rg5 38. Qc7 Rf8 39. Rd4 Rf5 40. Qxa7 Nxh3
41. gxh3 Rxf3 42. Rg4 Rxf1+ 43. Rxf1 Qxh3+ 44. Kg1 Qxg4+ 45. Kf2 Qf5+ 46. Kg1
Qxd5 47. b4 Qg5+ 48. Kh1 Qh4+ 0-1

[Event "OGOLNOPOLSKA OLIMPIADA MLODZIEZY<br/>MISTRZOSTWA POLSKI JUNIOROW 2016 - D12"]
[Site "Olecko"]
[Date "2016-05-07"]
[Round "8.3"]
[White "Marcinczyk, Monika"]
[Black "Czarnecka, Lidia"]
[Result "1-0"]
[WhiteTitle "I"]
[BlackTitle "I"]
[WhiteElo "1617"]
[BlackElo "1512"]

1. e4 c5 2. Nf3 a6 3. c4 d6 4. d4 cxd4 5. Nxd4 Nf6 6. Nc3 e6 7. g3 Qc7 8. Qd3 Nbd7
9. f4 b6 10. Bg2 Bb7 11. O-O Rc8 12. Rd1 Qxc4 13. Qxc4 Rxc4 14. Bf1 Rc8 15. Re1
Nc5 16. Bg2 Nfd7 17. Rd1 Nf6 18. e5 dxe5 19. fxe5 Nfd7 20. Bxb7 Nxb7 21. Bf4 Bc5
22. Kg2 Ke7 23. Rd3 Rhd8 24. Rad1 h6 25. h4 Bxd4 26. Rxd4 Ndc5 27. Ne2 b5 28.
Rc1 Nd3 29. Rxd3 Rxc1 30. Nxc1 Rc8 31. Ne2 Rc2 32. Rd2 Rc4 33. Nd4 1-0

[Event "OGOLNOPOLSKA OLIMPIADA MLODZIEZY<br/>MISTRZOSTWA POLSKI JUNIOROW 2016 - D12"]
[Site "Olecko"]
[Date "2016-05-07"]
[Round "8.4"]
[White "Bienko, Jagoda"]
[Black "Pisarek, Elzbieta"]
[Result "1/2-1/2"]
[WhiteTitle "I"]
[BlackTitle "I"]
[WhiteElo "1354"]
[BlackElo "1324"]

1. d4 Nf6 2. c4 e6 3. Nc3 Bb4 4. Qc2 O-O 5. Nf3 b6 6. a3 Bxc3+ 7. Qxc3 Bb7 8. e3
d6 9. Be2 Nbd7 10. O-O Ne4 11. Qc2 Ndf6 12. b4 Qe7 13. Bd3 c5 14. Bb2 h6 15. Rac1
Rac8 16. Qe2 Rfd8 17. Rfd1 Nh7 18. Ne1 Rf8 19. f3 Nef6 20. d5 e5 21. e4 Nh5 22.
Bc3 Nf4 23. Qc2 Rcd8 24. Bd2 Qg5 25. g3 Nh3+ 26. Kg2 Qh5 27. Be2 N3g5 28. h4 Qg6
29. Nd3 f5 30. Nf2 fxe4 31. Nxe4 Nxe4 32. Qxe4 Qxe4 33. fxe4 Rf6 34. Bg4 Bc8 35.
Bxc8 Rxc8 36. Rf1 Rcf8 37. bxc5 bxc5 38. Ba5 a6 39. Bc7 h5 40. Rce1 g6 41. Rb1
Rxf1 42. Rxf1 Rxf1 43. Kxf1 Nf6 44. Bxd6 Nd7 45. Ke2 Kg7 46. Be7 Kf7 47. Bd6 Ke8
48. Kd3 Kd8 49. Kd2 Kc8 50. Kc3 Kb7 51. a4 Kc8 52. a5 Kd8 53. Kd3 Ke8 54. Ke3
Kf7 55. Kf3 Kg8 56. g4 Kf7 57. Bc7 Ke8 58. d6 Kf7 59. g5 Ke6 1/2-1/2